| 000 | 02745nam a22006617a 4500 | ||
|---|---|---|---|
| 001 | 8331687 | ||
| 003 | LIBRIS | ||
| 005 | 20210426083421.0 | ||
| 008 | 020113s1998 xxk|||||||||||000 0|eng|c | ||
| 020 | _a1860465153 | ||
| 040 |
_aU _ea _beng _cDLC |
||
| 041 | 1 |
_aeng _hfre |
|
| 080 |
_a92 _bZ-40 |
||
| 082 | 4 |
_a947.084092 _221 |
|
| 082 | 4 |
_a947.084092 _221 |
|
| 084 |
_aKt-ma.5 _2kssb/6 |
||
| 084 |
_aLz Lenin, Vladimir _2kssb/6 |
||
| 084 |
_aKt-ma.5 _2kssb/6 |
||
| 084 |
_aLz Lenin, Vladimir Ilc _2kssb/6 |
||
| 084 |
_aKt-ma.5 _2kssb/6 |
||
| 084 |
_aLz Lenin, Vladimir _2kssb/6 |
||
| 100 | 1 | _aZbarskij, Ilja B. | |
| 245 | 0 | 0 |
_aLenin's embalmers / _cIlya Zbarsky & Samuel Hutchinson ; translated from the French by Barbara Bray. _b/ by: The Harvill Press |
| 264 | 1 |
_aLondon _bThe Harvill Press _c1998 |
|
| 300 |
_a215 p. _bill. |
||
| 365 | _b20 usd | ||
| 600 | 1 | 4 | _aZbarskii, I. B. |
| 600 | 1 | 4 |
_aLenin, Vladimir Ilic, _d1870-1924 _0https://libris.kb.se/86lnph8s2bkzgxz#it |
| 600 | 1 | 4 | _aLenin, Vladimir |
| 650 | 7 |
_aGravar _0https://id.kb.se/term/sao/Gravar _2sao |
|
| 650 | 0 |
_aBiography _9237 |
|
| 650 | 7 |
_aBalsamering _0https://id.kb.se/term/sao/Balsamering _2sao |
|
| 650 | 7 |
_aBiochemists _xBiography _zRussia _2BNB |
|
| 650 | 0 | _aEmbalming | |
| 650 | 0 | _aTombs | |
| 650 | 4 |
_aBalsamering _xKulturhistoria |
|
| 650 | 4 | _aBalsamering | |
| 653 | _aბიოგრაფია | ||
| 700 | 1 | _aHutchinson, Samuel | |
| 700 |
_aBray, Barbara _9829 _eTranslator |
||
| 887 |
_a{"@id":"k2vrtg9w252vzjc","modified":"2018-10-30T23:00:00+01:00","checksum":"65020454046"} _2librisxl |
||
| 887 |
_a{"@id":"chnbxx8j3rjmwg9","modified":"2018-06-05T18:34:09.99+02:00","checksum":"28748565042"} _2librisxl |
||
| 887 |
_a{"@id":"djpczz9k4v0jzrk","modified":"2018-06-05T18:34:09.993+02:00","checksum":"37922551994"} _2librisxl |
||
| 900 | 1 | s |
_6600 _d1870-1924 _uLenin, Vladimir Ilic, _d1870-1924 |
| 900 | 1 | s |
_6600 _d1870-1924 _uLenin, Vladimir Ilic, _d1870-1924 |
| 900 | 1 | s |
_6600 _d1870-1924 _uLenin, Vladimir Ilic, _d1870-1924 |
| 900 | 1 | s |
_6600 _d1870-1924 _uLenin, Vladimir Ilic, _d1870-1924 |
| 900 | 1 | s |
_6600 _d1870-1924 _uLenin, Vladimir Ilic, _d1870-1924 |
| 900 | 1 | s |
_6600 _d1870-1924 _uLenin, Vladimir Ilic, _d1870-1924 |
| 900 | 1 | s |
_6600 _d1870-1924 _uLenin, Vladimir Ilic, _d1870-1924 |
| 900 | 1 | s |
_6600 _d1870-1924 _uLenin, Vladimir Ilic, _d1870-1924 |
| 942 |
_2udc _cBK |
||
| 999 |
_c1335 _d1335 |
||